00809cam a22002657a 4500003000500000005001700005008004100022010001000063011001000073020001500083035001000098040000900108082001800117100002900135245012100164260004100285300002300326490003600349650002600385650002000411650002600431700002300457700002700480830003600507CHAP20220329142620.0010926d2000 mx r 00110 spa d a85668 a86640 a0792361431 a97179 cCHAP04a581.13342bL400aLeegood, Richard C.eed.10aPhotosynthesis :bphysiology and metabolismc/ed. by Richard C. Leegood, Thomas D. Sharkey and Susanne von Caemmerer aDordrecht :bKluwer Academic,c2000. a624 p. ;bgráfs. 0aAdvances in photosynthesisv; 914aFisiología vegetal.14aFotosíntesis.14aPlantasxMetabolismo.00aSharkey, Thomas D.00aVon Caemmerer, Susanne00aAdvances in photosynthesisv; 9